000 00899nam a2200241 i 4500
001 104945
003 ES-MaACL
005 20230906183730.0
007 t|
008 060531s1944 sp |||| | spa d
080 _a821.134.2.09"17/19"
100 1 _aValbuena Prat, Ángel,
_d1900-1977
_9112459
245 1 0 _aHistoria de la literatura española
_b: (siglos XVIII-XX) /
_cpor Ángel Valbuena Prat y Agustín del Saz.
250 _a1ª ed.
260 _aBarcelona :
_bPlaneta,
_c1944.
300 _a173 p. ;
_c22 cm.
650 1 4 _aLiteratura española-
_yS.XVIII-
_xHistoria y crítica.
_914574
650 4 _aLiteratura española-
_yS.XIX-
_xHistoria y crítica.
_914568
650 4 _aLiteratura española-
_yS.XX-
_xHistoria y crítica.
_9141686
700 1 _aSaz, Agustín del.
_9104111
852 _aES-MaACL
_jE-11280
_z. - Biblioteca Jacinto Martínez Lacalle
999 _c104945
_d104945